00852nam a2200253u 450000100060000000300080000600500170001400800390003103500190007004000270008904100080011608200290012410000390015324501000019225000130029226000450030530000700035050400270042065000150044765100440046265100380050670000270054470000270057136504BD-RjUL20211209052509.0140624s1899 nyucfh b 000 0 eng a(BD-RjUL)36604 aDLCcDLCdBD-RjULbeng aeng a321.80973 bTOD V-1 18991 aTocqueville, Alexis ded1805-1859.10aDemocracy in America /c Alexis de Tocqueville, Hon . John T. Morgan, Hon. John J. IngallsnV-1 aRev. ed. aNew York :bThe Colonial press,c[c1899] axvii, 442 p. :bill., fronts. (ports.) plates, facsims. ;c23 cm. aIncludes Bibliography. 0aDemocracy. 0aUnited StatesxPolitics and government. 0aUnited StatesxSocial conditions.1 aMorgan, Hon . John T. 1 aIngalls, Hon. John J.